000
00309nam a2200121 a 4500
005
20140414093848.0
008
110322s19uu xx uuu eng d
050
_a
CT
_b
PHI vol 6
245
_a
Philippine folk dances :
_b
vol. 6.
260
_a
Philippines :
_b
Dynamic Sounds.
942
_c
AVM
999
_c
109740
_d
109740